00539nam a2200181 a 45000010005000000030009000050080041000140400028000550820018000831000015001012450121001162600033002373000010002704900020002806500018003006500015003186500024003335519CO-ViMGA141112s2004 ck r 000 u spa d aCO-ViMGAbspacCO-ViMGA04a616.8917 S1531 aSandler, J10aConversaciones con anna freud : bla tecnica en psicoanálisis de niños / cSandler J. , Kennedy H. , Tyson R.L.  aBarcelona : bGedisa, c1996 a336 p aPsicoteca mayor14aPSICOANALISIS14aPSICOLOGIA14aPSICOLOGIA INFANTIL